[Event "GER-chT U10"]
[Site "Magdeburg"]
[Date "2015.12.29"]
[Round "7.4"]
[White "Nanu, Andreas Christian"]
[Black "Mueller, Luca"]
[Result "1-0"]
[WhiteElo "1078"]
[BlackElo "848"]
[PlyCount "85"]
[EventDate "2015.12.27"]
[EventType "team-swiss"]
[EventRounds "7"]
[EventCountry "GER"]
[SourceTitle "EXT 2017"]
[Source "ChessBase"]
[SourceDate "2016.10.25"]
[SourceVersion "1"]
[SourceVersionDate "2016.10.25"]
[SourceQuality "1"]
[WhiteTeam "Porz SG"]
[BlackTeam "Berlin Empor"]
[WhiteTeamCountry "GER"]
[BlackTeamCountry "GER"]

1. d4 d5 2. c4 e6 3. Nf3 Nf6 4. Nc3 Bb4 5. Bd2 b6 6. Qa4+ Nfd7 7. Qxb4 Nc6 8. Qa4 Bb7 9. cxd5 exd5 10. Nxd5 Nf6 11. Nxf6+ Qxf6 12. Rb1 Qf5 13. Rc1 0-0 14. e3 a6 15. Be2 b5 16. Qc2 Qxc2 17. Rxc2 Ne7 18. Rxc7 Bxf3 19. Bxf3 Rae8 20. Bb4 Rc8 21. Rxe7 Rc1+ 22. Bd1 Rc4 23. Ba3 a5 24. b3 Rc6 25. Re5 Rfc8 26. Rxb5 h6 27. Rxa5 Rg6 28. 0-0 f6 29. Bh5 Rg5 30. Rxg5 hxg5 31. Rc1 Ra8 32. Be7 Ra7 33. Bc5 Rc7 34. a4 Kh7 35. a5 Kh6 36. Bf3 g4 37. Bxg4 Rc6 38. Be2 Rc8 39. a6 Ra8 40. a7 Rc8 41. Ra1 Ra8 42. Bd6 Rxa7 43. Rxa7 1-0

[Event "Cologne Longerich op-B 12th"]
[Site "Cologne"]
[Date "2015.08.02"]
[Round "4"]
[White "Nanu, Andreas Christian"]
[Black "Hoferichter, Michael"]
[Result "0-1"]
[WhiteElo "1125"]
[BlackElo "1372"]
[PlyCount "98"]
[EventDate "2015.07.31"]
[EventType "tourn"]
[EventRounds "5"]
[EventCountry "GER"]
[SourceTitle "EXT 2017"]
[Source "ChessBase"]
[SourceDate "2016.10.25"]
[SourceVersion "1"]
[SourceVersionDate "2016.10.25"]
[SourceQuality "1"]

1. d4 Nf6 2. c4 g6 3. Nc3 d5 4. e3 Bg7 5. Nf3 0-0 6. Bd3 b6 7. cxd5 Nxd5 8. Be4 e6 9. 0-0 Bb7 10. Qc2 c6 11. b3 Nd7 12. Ba3 Re8 13. b4 f5 14. Bxd5 exd5 15. b5 c5 16. Rab1 Rc8 17. dxc5 Nxc5 18. Na4 Ne4 19. Qd1 Rc7 20. Nd4 Bxd4 21. exd4 Qg5 22. Re1 Kf7 23. f3 Nd2 24. Bc1 Nxf3+ 25. Kf1 Rxe1+ 26. Qxe1 Nxh2+ 27. Kf2 Rc2+ 28. Qe2 Rxe2+ 29. Kxe2 Qxg2+ 30. Kd3 Qe4+ 31. Kd2 Qxb1 32. Nc3 Nf1+ 33. Kd1 Qd3+ 34. Ke1 Qxc3+ 35. Kxf1 Qxc1+ 36. Kf2 a6 37. a4 axb5 38. axb5 Qb2+ 39. Ke3 Qxb5 40. Kf4 Kf6 41. Ke3 Qc6 42. Kd3 b5 43. Ke3 b4 44. Kd3 b3 45. Ke3 b2 46. Kd2 b1Q 47. Ke2 Qc3 48. Kf2 Qa2+ 49. Kf1 Qc1# 0-1